| 000 | 00609cam a2200145I 4500 | ||
|---|---|---|---|
| 082 |
_a923.154 _bRON |
||
| 100 | 1 |
_aZetland, Lawrence John Lumley Dundas, _950433 |
|
| 245 | 1 | 4 |
_aThe life of Lord Curzon, _bbeing the authorized biography of George Nathaniel, marquess Curzon of Kedleston, K.G., _cby the Rt. Hon. the Earl of Ronaldshay. |
| 260 |
_aLondon, _bE. Benn, ltd., _c1928. |
||
| 300 |
_a3 v. _bfronts. (1 col.) plates, ports. _c25 cm. |
||
| 500 | _aVol. 1: "First published March 1928. Second impression March 1928." | ||
| 526 |
_a0 _b0 _c0 _d923_154000000000000_RON |
||
| 650 |
_aMCE _9379 |
||
| 942 |
_2ddc _cBK |
||
| 999 |
_c553232 _d553232 |
||